Culture Générale - Série 1169 - Statistiques

Statistiques générales
  • Ce quiz a été pris 91 fois
  • Le résultat moyen est 5 sur 10
Statistiques - réponses
Question Réponse % Correct
Comme l'atteste l'étymologie, à quelle partie du corps se rapporte l'adjectif : "cutané" ? peau
99%
Quel grand fleuve italien naît dans les Alpes au mont Viso et se jette dans l'Adriatique ?
92%
Le pionnier américain Davy Crockett fut tué lors de la célèbre bataille de Fort... Alamo
74%
De quel fruit la "Beurré Hardy" est-elle une variété ? poire
72%
A quelle famille télévisuelle américaine appartiennent les parents prénommés : Morticia et Gomez ? famille Addams
38%
A quelle série de bande dessinée d'Edgar P. Jacobs appartient l'album "Le Mystère de la grande pyramide" ? Blake et Mortimer
26%
Quel écrivain surréaliste est, avec le poète Philippe Soupault, l'auteur des “Champs magnétiques”, en 1920 ? André Breton
25%
Dans la mythologie grecque, quel frère d'Électre venge Agamemnon en tuant sa mère, Clytemnestre ? Oreste
22%
Quelle magicienne, abandonnée par Jason, se vengea en égorgeant leurs enfants ? Médée
13%
À quel peintre doit-on le tableau “D'où venons-nous ? Que sommes-nous ? Où allons-nous ?” ? Paul Gauguin
1%
Aucun quiz correspondant
Distribution des résultats
% des personnes avec chaque résultat
Percentile par nombre de réponses
Votre historique - résultats
Vous n’avez pas pris ce quiz